TOEFL CBT practice tests
Đã lưu trong:
| Príomhúdar: | |
|---|---|
| Formáid: | Leabhar |
| Teanga: | Undetermined |
| Foilsithe: |
Australia
Peterson' Thomson Learning
2001
|
| Ábhair: | |
| Clibeanna: |
Cuir Clib Leis
Gan Chlibeanna, Bí ar an gcéad duine leis an taifead seo a chlibeáil!
|
| Thư viện lưu trữ: | Trung tâm Học liệu Trường Đại học Cần Thơ |
|---|
| LEADER | 00651nam a2200205Ia 4500 | ||
|---|---|---|---|
| 001 | CTU_57395 | ||
| 008 | 210402s9999 xx 000 0 und d | ||
| 020 | |c 450000 | ||
| 082 | |a 428.0076 | ||
| 082 | |b R724 | ||
| 100 | |a Rogers, Bruce | ||
| 245 | 0 | |a TOEFL CBT practice tests | |
| 245 | 0 | |c Bruce Rogers | |
| 260 | |a Australia | ||
| 260 | |b Peterson' Thomson Learning | ||
| 260 | |c 2001 | ||
| 650 | |a test of english as a foreign language,english language | ||
| 650 | |x examinations,study guides | ||
| 904 | |i Minh, Mai chuyển số PL từ 428.24 thành 428.0076 chưa in nhãn | ||
| 980 | |a Trung tâm Học liệu Trường Đại học Cần Thơ | ||